<?xml version="1.0" encoding="UTF-8"?>
<collection xmlns="http://www.loc.gov/MARC21/slim">
 <record>
  <leader>01532nam a22002417a 4500</leader>
  <controlfield tag="001">NCT_66901</controlfield>
  <controlfield tag="008">190815b        xxu||||| |||| 00| 0 vie d</controlfield>
  <datafield tag="999" ind1=" " ind2=" ">
   <subfield code="c">3232</subfield>
   <subfield code="d">3232</subfield>
  </datafield>
  <datafield tag="020" ind1=" " ind2=" ">
   <subfield code="a">9786049344466</subfield>
   <subfield code="c">144000</subfield>
  </datafield>
  <datafield tag="082" ind1="0" ind2="4">
   <subfield code="2">23rd ed.</subfield>
   <subfield code="a">345.59702323</subfield>
   <subfield code="b">Gi108T</subfield>
  </datafield>
  <datafield tag="245" ind1="0" ind2="0">
   <subfield code="a">Giáo trình lý luận và pháp luật về phòng, chống tham nhũng</subfield>
   <subfield code="c">Nguyễn Đăng Dung...[et al.]</subfield>
  </datafield>
  <datafield tag="260" ind1=" " ind2=" ">
   <subfield code="a">H.</subfield>
   <subfield code="b">Đại học Quốc gia Hà Nội</subfield>
   <subfield code="c">2017</subfield>
  </datafield>
  <datafield tag="300" ind1=" " ind2=" ">
   <subfield code="a">305 tr.</subfield>
   <subfield code="c">24cm</subfield>
  </datafield>
  <datafield tag="520" ind1="3" ind2=" ">
   <subfield code="a">Quyển sách cung cấp cho sinh viên và những nhà nghiên cứu những kiến thức về một lĩnh vực mới, sâu rộng và phức tạp là tham nhũng và chống tham nhũng nhằm thực hiện chủ trương giáo dục, phòng chống tham nhũng của nhà nước và chính phủ.</subfield>
  </datafield>
  <datafield tag="653" ind1=" " ind2=" ">
   <subfield code="a">Luật học</subfield>
  </datafield>
  <datafield tag="700" ind1="1" ind2=" ">
   <subfield code="a">Nguyễn Đăng Dung</subfield>
   <subfield code="e">Đồng chủ biên</subfield>
  </datafield>
  <datafield tag="700" ind1="1" ind2=" ">
   <subfield code="a">Phạm Hồng Thái</subfield>
   <subfield code="e">Đồng chủ biên</subfield>
  </datafield>
  <datafield tag="700" ind1="1" ind2=" ">
   <subfield code="a">Vũ Công Giao</subfield>
   <subfield code="e">Đồng chủ biên</subfield>
  </datafield>
  <datafield tag="700" ind1="1" ind2=" ">
   <subfield code="a">Chu Hồng Thanh</subfield>
   <subfield code="e">Đồng chủ biên</subfield>
  </datafield>
  <datafield tag="942" ind1=" " ind2=" ">
   <subfield code="2">ddc</subfield>
   <subfield code="c">BK</subfield>
  </datafield>
  <datafield tag="952" ind1=" " ind2=" ">
   <subfield code="0">0</subfield>
   <subfield code="1">0</subfield>
   <subfield code="2">ddc</subfield>
   <subfield code="4">0</subfield>
   <subfield code="6">345_597023230000000_GI108T</subfield>
   <subfield code="7">0</subfield>
   <subfield code="9">17439</subfield>
   <subfield code="a">000001</subfield>
   <subfield code="b">000001</subfield>
   <subfield code="d">2019-08-15</subfield>
   <subfield code="o">345.59702323 Gi108T</subfield>
   <subfield code="p">MD.15518</subfield>
   <subfield code="r">2019-08-15</subfield>
   <subfield code="v">144000.00</subfield>
   <subfield code="w">2019-08-15</subfield>
   <subfield code="y">BK</subfield>
  </datafield>
  <datafield tag="952" ind1=" " ind2=" ">
   <subfield code="0">0</subfield>
   <subfield code="1">0</subfield>
   <subfield code="2">ddc</subfield>
   <subfield code="4">0</subfield>
   <subfield code="6">345_597023230000000_GI108T</subfield>
   <subfield code="7">0</subfield>
   <subfield code="9">17440</subfield>
   <subfield code="a">000001</subfield>
   <subfield code="b">000001</subfield>
   <subfield code="d">2019-08-15</subfield>
   <subfield code="o">345.59702323 Gi108T</subfield>
   <subfield code="p">MD.15519</subfield>
   <subfield code="r">2019-08-15</subfield>
   <subfield code="v">144000.00</subfield>
   <subfield code="w">2019-08-15</subfield>
   <subfield code="y">BK</subfield>
  </datafield>
  <datafield tag="980" ind1=" " ind2=" ">
   <subfield code="a">Thư viện Trường Đại học Nam Cần Thơ</subfield>
  </datafield>
 </record>
</collection>
